000 00360pab a2200145 454500
008 180718b1995 xxu||||| |||| 00| 0 eng d
100 _aPeter Burns, S.J.
245 _aSocialism, social democracy, and markets
260 _c1995
300 _ap.193-97
362 _aSummer
650 _aSocialism - Europe
773 _aScience and Society
909 _a29568
999 _c29568
_d29568